000 00238nam a2200097Ia 4500
001 712172
005 20250826162822.0
008 250824s9999 xx 000 0 und d
245 0 _aHİKAYELER 4
_cÖMER SEYFETTİN
260 _bDERGAH YAYINLARI
999 _c712172
_d712172